[Event "Bayern-chI Bank Hofmann 25th"]
[Site "Tegernsee"]
[Date "2022.11.07"]
[Round "3"]
[White "Leeb, Simon"]
[Black "Kaeding, Rainer"]
[Result "1-0"]
[WhiteElo "2276"]
[BlackElo "2078"]
[PlyCount "59"]
[EventDate "2022.11.05"]
[EventType "swiss"]
[EventRounds "9"]
[EventCountry "GER"]
[SourceTitle "CBM 211 Extra"]
[Source "ChessBase"]
[SourceDate "2023.01.31"]
[SourceVersion "1"]
[SourceVersionDate "2023.01.31"]
[SourceQuality "1"]

1. e4 c5 2. Nf3 e6 3. d4 cxd4 4. Nxd4 Nc6 5. Nc3 Qc7 6. Be3 a6 7. g4 b5 8. Nxc6 Qxc6 9. Qd2 b4 10. Ne2 Qxe4 11. Rg1 Qb7 12. Nf4 d5 13. Bd4 Bd7 14. 0-0-0 Nf6 15. Bg2 Bd6 16. Bxf6 gxf6 17. Nxd5 exd5 18. Bxd5 Bc6 19. Bxc6+ Qxc6 20. Qxd6 Qxd6 21. Rxd6 Ke7 22. Rb6 h5 23. Re1+ Kf8 24. gxh5 Rxh5 25. Rxb4 Rxh2 26. Rf4 Rh6 27. b4 Rc8 28. Kb2 a5 29. b5 Rh5 30. c4 1-0

[Event "Reinstorf Blitz op"]
[Site "Reinstorf"]
[Date "2022.02.04"]
[Round "1"]
[White "Rennkamp, David"]
[Black "Kaeding, Rainer"]
[Result "0-1"]
[WhiteElo "1523"]
[BlackElo "2092"]
[PlyCount "78"]
[EventDate "2022.01.29"]
[EventType "swiss (blitz)"]
[EventRounds "9"]
[EventCountry "GER"]
[SourceTitle "CBM 206 Extra"]
[Source "ChessBase"]
[SourceDate "2022.03.31"]
[SourceVersion "1"]
[SourceVersionDate "2022.03.31"]
[SourceQuality "1"]

1. e4 c5 2. Nc3 a6 3. g3 b5 4. d3 Bb7 5. Bg2 e6 6. f4 Nf6 7. Nf3 d5 8. 0-0 dxe4 9. dxe4 Qxd1 10. Rxd1 Nxe4 11. Nxe4 Bxe4 12. c3 Nd7 13. Ne5 Bxg2 14. Nxd7 Bd5 15. Nb6 Rd8 16. Nxd5 Rxd5 17. Be3 Kd7 18. Kf2 Kc6 19. Ke2 Be7 20. Rd2 Rhd8 21. Rad1 Rxd2+ 22. Rxd2 Rxd2+ 23. Kxd2 Kd5 24. b3 c4 25. h3 h5 26. Bd4 g5 27. Be3 g4 28. hxg4 hxg4 29. Bd4 Ke4 30. Ke2 f6 31. bxc4 bxc4 32. a4 e5 33. fxe5 fxe5 34. Ba7 Kd5 35. Be3 Bc5 36. Bg5 Ke4 37. Bd2 Bg1 38. Kd1 Kd5 39. Be1 Kc5 0-1

[Event "Reinstorf Blitz op"]
[Site "Reinstorf"]
[Date "2022.02.04"]
[Round "6"]
[White "Rick, Niklas Corvin"]
[Black "Kaeding, Rainer"]
[Result "1/2-1/2"]
[WhiteElo "1490"]
[BlackElo "2092"]
[PlyCount "92"]
[EventDate "2022.01.29"]
[EventType "swiss (blitz)"]
[EventRounds "9"]
[EventCountry "GER"]
[SourceTitle "CBM 206 Extra"]
[Source "ChessBase"]
[SourceDate "2022.03.31"]
[SourceVersion "1"]
[SourceVersionDate "2022.03.31"]
[SourceQuality "1"]

1. d4 d5 2. c4 e6 3. cxd5 exd5 4. Nc3 c6 5. Nf3 Bf5 6. Bg5 Be7 7. Bxe7 Qxe7 8. e3 Nf6 9. Bd3 Bxd3 10. Qxd3 Nbd7 11. Rc1 0-0 12. 0-0 Ne4 13. Qe2 f5 14. a3 a5 15. Nxe4 fxe4 16. Nd2 Qh4 17. f4 exf3 18. Rxf3 Rae8 19. Rcf1 Nf6 20. g3 Qh6 21. Nb3 a4 22. Nc5 b5 23. Nd3 Ng4 24. Ne5 Nxe5 25. Rxf8+ Rxf8 26. dxe5 Rxf1+ 27. Kxf1 Qh3+ 28. Ke1 Qf5 29. Qd2 Qxe5 30. Qd4 Qxd4 31. exd4 Kf7 32. Kd2 Ke6 33. Kc3 Kd6 34. Kb4 g6 35. h3 h6 36. g4 g5 37. Kc3 c5 38. Kd3 Kc6 39. Kc3 b4+ 40. axb4 c4 41. Kd2 Kb6 42. Kc2 Kb5 43. Kc3 Kc6 44. Kc2 Kd6 45. Kc3 Kc6 46. Kc2 Kb5 1/2-1/2

[Event "Reinstorf op"]
[Site "Reinstorf"]
[Date "2022.02.02"]
[Round "5"]
[White "Semling, Johannes"]
[Black "Kaeding, Rainer"]
[Result "1/2-1/2"]
[WhiteElo "1765"]
[BlackElo "2092"]
[PlyCount "47"]
[EventDate "2022.01.29"]
[EventType "swiss"]
[EventRounds "9"]
[EventCountry "GER"]
[SourceTitle "CBM 206 Extra"]
[Source "ChessBase"]
[SourceDate "2022.03.31"]
[SourceVersion "1"]
[SourceVersionDate "2022.03.31"]
[SourceQuality "1"]

1. Nf3 c5 2. g3 Nc6 3. Bg2 g6 4. c4 Bg7 5. Nc3 e5 6. 0-0 Nge7 7. e4 0-0 8. d3 d6 9. a3 Rb8 10. Rb1 a5 11. Ne1 Nd4 12. b4 axb4 13. axb4 cxb4 14. Rxb4 Nec6 15. Rb1 Be6 16. Nc2 Qd7 17. Nxd4 Nxd4 18. Nb5 Nxb5 19. Rxb5 Qc7 20. Be3 Bd7 21. Rb6 Bc6 22. Qb3 Kh8 23. Rb1 Ra8 24. Qb2 1/2-1/2

[Event "Reinstorf op"]
[Site "Reinstorf"]
[Date "2022.01.29"]
[Round "1"]
[White "Ebeling, Hans Juergen"]
[Black "Kaeding, Rainer"]
[Result "0-1"]
[WhiteElo "1538"]
[BlackElo "2092"]
[PlyCount "54"]
[EventDate "2022.01.29"]
[EventType "swiss"]
[EventRounds "9"]
[EventCountry "GER"]
[SourceTitle "CBM 206 Extra"]
[Source "ChessBase"]
[SourceDate "2022.03.31"]
[SourceVersion "1"]
[SourceVersionDate "2022.03.31"]
[SourceQuality "1"]

1. e4 c5 2. Nc3 a6 3. g3 b5 4. Bg2 Bb7 5. Nge2 e6 6. a3 Nf6 7. 0-0 b4 8. axb4 cxb4 9. Na4 Bxe4 10. d3 Bxg2 11. Kxg2 d5 12. Be3 Nbd7 13. c4 Be7 14. Nd4 Rc8 15. b3 Qc7 16. Nb2 Qb7 17. Kg1 0-0 18. f4 Rfd8 19. Qf3 Nc5 20. g4 dxc4 21. Qxb7 Nxb7 22. dxc4 Nxg4 23. Nc2 Nxe3 24. Nxe3 Bf6 25. Rab1 Nc5 26. Na4 Bd4 27. Nxc5 Bxe3+ 0-1

[Event "GER Seniors Derby 18th"]
[Site "Wesel Undeloh"]
[Date "2019.03.29"]
[Round "4"]
[White "Kaeding, Rainer"]
[Black "Tiedt, Gunter"]
[Result "1/2-1/2"]
[WhiteElo "2154"]
[BlackElo "2131"]
[PlyCount "124"]
[EventDate "2019.03.28"]
[EventType "swiss"]
[EventRounds "7"]
[EventCountry "GER"]
[SourceTitle "EXT 2020"]
[Source "ChessBase"]
[SourceDate "2019.10.17"]
[SourceVersion "1"]
[SourceVersionDate "2019.10.17"]
[SourceQuality "1"]

1. d4 d5 2. c4 e6 3. Nc3 Nf6 4. cxd5 exd5 5. Bg5 Nbd7 6. e3 c6 7. Qc2 Be7 8. Bd3 0-0 9. Nf3 Re8 10. 0-0 Nf8 11. Rab1 a5 12. a3 Ng6 13. b4 axb4 14. axb4 Ne4 15. Bxe7 Qxe7 16. Rfc1 Bf5 17. b5 Ra3 18. Bxe4 dxe4 19. Nd2 Nh4 20. Ne2 Bd7 21. Nc4 Ra7 22. bxc6 Bxc6 23. Ne5 Ra6 24. Qb3 Ng6 25. Nxc6 bxc6 26. Qb7 Qxb7 27. Rxb7 Ne7 28. g4 g6 29. Ng3 Nd5 30. Rcb1 Kg7 31. g5 Ra5 32. Rd7 Nc3 33. Rbb7 Rf8 34. h4 c5 35. d5 c4 36. d6 Rd5 37. Rbc7 Nb5 38. Rxc4 Rxd6 39. Rb7 Rd1+ 40. Kg2 Nd6 41. Rd7 Re8 42. Rxe4 Nxe4 43. Rxd1 h6 44. Nxe4 Rxe4 45. Rd4 Re5 46. gxh6+ Kxh6 47. Kg3 f5 48. Kf4 Ra5 49. f3 Kh5 50. Rd8 Kh6 51. e4 fxe4 52. fxe4 Kg7 53. Rd5 Ra1 54. Rd7+ Kf6 55. e5+ Ke6 56. Rd6+ Kf7 57. Kg5 Rg1+ 58. Kh6 Rh1 59. Rf6+ Ke7 60. Kxg6 Rxh4 61. Ra6 Rf4 62. Kg5 Rf1 1/2-1/2

[Event "NRW Class2 1819"]
[Site "Germany"]
[Date "2018.11.18"]
[Round "3.6"]
[White "Teloeken, Andreas"]
[Black "Kaeding, Rainer"]
[Result "1-0"]
[WhiteElo "2013"]
[BlackElo "2129"]
[PlyCount "97"]
[EventDate "2018.09.16"]
[EventType "team-tourn"]
[EventRounds "9"]
[EventCountry "GER"]
[SourceTitle "EXT 2022"]
[Source "ChessBase"]
[SourceDate "2021.10.06"]
[SourceVersion "1"]
[SourceVersionDate "2021.10.06"]
[SourceQuality "1"]
[WhiteTeam "Suedlohn"]
[BlackTeam "Essen Katernberg"]
[WhiteTeamCountry "GER"]
[BlackTeamCountry "GER"]

1. Nf3 d5 2. c4 c6 3. g3 Nf6 4. Bg2 Bf5 5. cxd5 cxd5 6. Qb3 Qb6 7. Qxb6 axb6 8. Nc3 Nc6 9. d3 e6 10. Bd2 h6 11. Nb5 Kd7 12. Nbd4 Bh7 13. Nxc6 bxc6 14. Ne5+ Ke8 15. Nxc6 Bd6 16. Bc3 Kd7 17. Ne5+ Ke7 18. Nc6+ Kd7 19. Ne5+ Ke7 20. 0-0 Rhc8 21. Nf3 g5 22. Nd4 Ne8 23. Nb5 Kd7 24. e4 Rc5 25. Nxd6 Nxd6 26. Bb4 Rb5 27. a3 Rc8 28. Rfd1 d4 29. Rac1 Rxc1 30. Rxc1 g4 31. Bxd6 Kxd6 32. b4 Rg5 33. Rc4 e5 34. b5 Rg6 35. f3 gxf3 36. Bxf3 Ke7 37. Rc7+ Ke8 38. Bd1 Rd6 39. Bb3 Bg6 40. Bd5 f5 41. a4 fxe4 42. dxe4 Bh5 43. Kf2 Bd1 44. Ra7 Rf6+ 45. Ke1 Bc2 46. a5 d3 47. a6 Rf2 48. Bc6+ Kf8 49. Kxf2 1-0

[Event "NRW Class1 1617"]
[Site "Germany"]
[Date "2017.01.22"]
[Round "5.5"]
[White "Kaeding, Rainer"]
[Black "Haskelman, Evgen"]
[Result "1-0"]
[WhiteElo "2171"]
[BlackElo "2190"]
[PlyCount "73"]
[EventDate "2016.09.25"]
[EventType "team-tourn"]
[EventRounds "9"]
[EventCountry "GER"]
[SourceTitle "EXT 2023"]
[Source "ChessBase"]
[SourceDate "2022.10.05"]
[SourceVersion "1"]
[SourceVersionDate "2022.10.05"]
[SourceQuality "1"]
[WhiteTeam "Katernberg SF II"]
[BlackTeam "Bruehl"]
[WhiteTeamCountry "GER"]
[BlackTeamCountry "GER"]

1. e4 d5 2. exd5 Nf6 3. d4 Nxd5 4. Nf3 Bg4 5. c4 Nb6 6. c5 N6d7 7. Bc4 e6 8. Be3 Nc6 9. Nc3 Be7 10. h3 Bh5 11. g4 Bg6 12. Qa4 a6 13. 0-0-0 Qc8 14. d5 exd5 15. Bxd5 Ncb8 16. c6 bxc6 17. Bxc6 Nxc6 18. Qxc6 Bd6 19. Rxd6 cxd6 20. Qxd6 Qb8 21. Qd4 f6 22. Rd1 Qb7 23. Qd6 0-0-0 24. Nd5 Rhe8 25. Rd4 Re4 26. Rxe4 Ne5 27. Ne7+ Qxe7 28. Qxe7 Nd3+ 29. Kb1 Ne5 30. Qc5+ Kd7 31. Nxe5+ fxe5 32. Qd5+ Kc8 33. Qc6+ Kb8 34. Qb6+ Kc8 35. Qxa6+ Kd7 36. Qb5+ Kc8 37. Qxe5 1-0

[Event "NRW Class1 1617"]
[Site "Germany"]
[Date "2016.10.23"]
[Round "2.5"]
[White "Chilla, Jan Eric"]
[Black "Kaeding, Rainer"]
[Result "1-0"]
[WhiteElo "2240"]
[BlackElo "2171"]
[PlyCount "81"]
[EventDate "2016.09.25"]
[EventType "team-tourn"]
[EventRounds "9"]
[EventCountry "GER"]
[SourceTitle "EXT 2023"]
[Source "ChessBase"]
[SourceDate "2022.10.05"]
[SourceVersion "1"]
[SourceVersionDate "2022.10.05"]
[SourceQuality "1"]
[WhiteTeam "Muenster SK"]
[BlackTeam "Katernberg SF II"]
[WhiteTeamCountry "GER"]
[BlackTeamCountry "GER"]

1. Nf3 d5 2. c4 c6 3. e3 Bg4 4. Qb3 Qc7 5. cxd5 Bxf3 6. gxf3 cxd5 7. Nc3 e6 8. d4 Nc6 9. Bd2 Nf6 10. f4 g6 11. 0-0-0 a6 12. Kb1 Nd7 13. Rc1 Be7 14. Be2 Qb6 15. Qd1 Rc8 16. h4 h5 17. f5 gxf5 18. Bxh5 Nf6 19. Be2 Ne4 20. Nxe4 fxe4 21. h5 Bf6 22. Qa4 Kd7 23. Rc2 Rc7 24. Rhc1 Rhc8 25. Rc5 Kd8 26. h6 Qa7 27. h7 b5 28. Bxb5 axb5 29. Qxa7 Rxa7 30. Rxc6 Rca8 31. a3 Kd7 32. Rb6 Rh8 33. Rh1 Bd8 34. Rxb5 f6 35. Ka2 Ke8 36. Rb8 Rhxh7 37. Rxh7 Rxh7 38. Ba5 Rh2 39. Bxd8 Kf7 40. Rb7+ Kg6 41. Re7 1-0

[Event "NRW Class1 1516"]
[Site "Germany"]
[Date "2016.04.03"]
[Round "8.5"]
[White "Kaeding, Rainer"]
[Black "Grobbel, Rainer"]
[Result "1-0"]
[WhiteElo "2123"]
[BlackElo "2110"]
[PlyCount "101"]
[EventDate "2015.09.27"]
[EventType "team-tourn"]
[EventRounds "9"]
[EventCountry "GER"]
[SourceTitle "EXT 2017"]
[Source "ChessBase"]
[SourceDate "2016.10.25"]
[SourceVersion "1"]
[SourceVersionDate "2016.10.25"]
[SourceQuality "1"]
[WhiteTeam "Katernberg II"]
[BlackTeam "Lippstadt Turm"]
[WhiteTeamCountry "GER"]
[BlackTeamCountry "GER"]

1. d4 d5 2. c4 e6 3. Nc3 Nf6 4. cxd5 exd5 5. Bg5 Be7 6. e3 c6 7. Bd3 0-0 8. Qc2 Nbd7 9. Nf3 Re8 10. 0-0 h6 11. Bf4 Nf8 12. h3 Bd6 13. Bxd6 Qxd6 14. Rab1 Be6 15. b4 b5 16. a4 a6 17. a5 Re7 18. Ne5 N6d7 19. Nf3 f6 20. Ne2 Bf7 21. Nh4 Qc7 22. Rfc1 Rc8 23. Nf5 Ree8 24. Neg3 Ne6 25. Qd1 Ndf8 26. Qg4 Kh8 27. Rb2 Red8 28. Rbc2 Be8 29. h4 Qf7 30. h5 Ng5 31. f4 Nge6 32. Kf2 Rc7 33. Nh4 Qd7 34. Qf3 Qd6 35. Rb2 Bf7 36. Ngf5 Qd7 37. g4 Bg8 38. Ng6+ Nxg6 39. hxg6 Qe8 40. Rh1 Nf8 41. Nxg7 Rxg7 42. Rxh6+ Bh7 43. gxh7 Qe7 44. Bf5 Re8 45. Rh3 Ne6 46. Bxe6 Qxe6 47. g5 Rxh7 48. Rxh7+ Kxh7 49. Qh5+ Kg7 50. Qh6+ Kg8 51. gxf6 1-0

[Event "NRW Class1 1516"]
[Site "Germany"]
[Date "2015.11.22"]
[Round "3.7"]
[White "Kaeding, Rainer"]
[Black "Krings, Christoph"]
[Result "1/2-1/2"]
[WhiteElo "2123"]
[BlackElo "2105"]
[PlyCount "125"]
[EventDate "2015.09.27"]
[EventType "team-tourn"]
[EventRounds "9"]
[EventCountry "GER"]
[SourceTitle "EXT 2017"]
[Source "ChessBase"]
[SourceDate "2016.10.25"]
[SourceVersion "1"]
[SourceVersionDate "2016.10.25"]
[SourceQuality "1"]
[WhiteTeam "Katernberg II"]
[BlackTeam "Erkenschwick"]
[WhiteTeamCountry "GER"]
[BlackTeamCountry "GER"]

1. e4 e6 2. d4 d5 3. Nc3 Nf6 4. Bg5 Be7 5. e5 Nfd7 6. h4 a6 7. Qg4 Bxg5 8. hxg5 c5 9. dxc5 Nxe5 10. Qg3 Nbc6 11. f4 Ng6 12. 0-0-0 Qc7 13. Nh3 Bd7 14. Bd3 0-0-0 15. Qf2 Nge7 16. f5 exf5 17. Nf4 d4 18. Nfd5 Nxd5 19. Nxd5 Qe5 20. Nb6+ Kb8 21. Nxd7+ Rxd7 22. Bxf5 Rd5 23. g4 Rxc5 24. Rhe1 Qd5 25. Be4 Qxa2 26. Bxc6 Rxc6 27. Qxd4 Qa1+ 28. Kd2 Qa5+ 29. Kc1 Qa1+ 30. Kd2 Qa5+ 31. Kc1 Qxg5+ 32. Kb1 Rhc8 33. Re2 Ka8 34. Qe4 Rc4 35. Rd4 Qc5 36. Red2 h6 37. b3 Rxd4 38. Rxd4 Qc6 39. Qf5 g6 40. Qd3 Qh1+ 41. Kb2 Qc6 42. Rd6 Qc5 43. Rd5 Qe7 44. Rd6 Qe5+ 45. Kb1 Qb5 46. Qf3 Re8 47. Rd5 Qc6 48. Qxf7 Re2 49. Qf8+ Ka7 50. Rc5 Qe4 51. Rc8 Qd4 52. Ra8+ Kb6 53. Qd8+ Qxd8 54. Rxd8 Re6 55. Rh8 Re4 56. Rxh6 Rxg4 57. Kb2 Rg3 58. Rh7 a5 59. Rg7 Kc6 60. Rg8 b5 61. Ra8 Kb6 62. Rb8+ Kc5 63. Rc8+ 1/2-1/2

[Event "NRW Class1 1516"]
[Site "Germany"]
[Date "2015.10.25"]
[Round "2.5"]
[White "Kleinegger, Frank"]
[Black "Kaeding, Rainer"]
[Result "1/2-1/2"]
[WhiteElo "2131"]
[BlackElo "2123"]
[PlyCount "39"]
[EventDate "2015.09.27"]
[EventType "team-tourn"]
[EventRounds "9"]
[EventCountry "GER"]
[SourceTitle "EXT 2017"]
[Source "ChessBase"]
[SourceDate "2016.10.25"]
[SourceVersion "1"]
[SourceVersionDate "2016.10.25"]
[SourceQuality "1"]
[WhiteTeam "Kamen"]
[BlackTeam "Katernberg II"]
[WhiteTeamCountry "GER"]
[BlackTeamCountry "GER"]

1. d4 d5 2. c4 e6 3. Nf3 c6 4. Nbd2 Nf6 5. g3 Bd6 6. Bg2 0-0 7. 0-0 Nbd7 8. Qc2 Re8 9. e4 Nxe4 10. Nxe4 dxe4 11. Qxe4 e5 12. Bg5 f6 13. Bd2 exd4 14. Qxd4 Ne5 15. Bc3 Bh3 16. Nxe5 Bxg2 17. Kxg2 Bxe5 18. Qxd8 Raxd8 19. Bxe5 Rxe5 20. Rad1 1/2-1/2

[Event "NRW Class2 1415"]
[Site "Germany"]
[Date "2015.02.08"]
[Round "6.8"]
[White "Kaeding, Rainer"]
[Black "Bashilin, Roman"]
[Result "0-1"]
[WhiteElo "2129"]
[BlackElo "2211"]
[PlyCount "80"]
[EventDate "2014.09.14"]
[EventType "team-tourn"]
[EventRounds "9"]
[EventCountry "GER"]
[SourceTitle "EXT 2017"]
[Source "ChessBase"]
[SourceDate "2016.10.25"]
[SourceVersion "1"]
[SourceVersionDate "2016.10.25"]
[SourceQuality "1"]
[WhiteTeam "Katernberg II"]
[BlackTeam "Wuppertal Bahn"]
[WhiteTeamCountry "GER"]
[BlackTeamCountry "GER"]

1. Nf3 d5 2. g3 c6 3. Bg2 Bf5 4. c4 e6 5. cxd5 exd5 6. Qb3 Qb6 7. Qxb6 axb6 8. d3 Nf6 9. Nd4 Bg6 10. f4 Bc5 11. Be3 0-0 12. Kd2 Re8 13. Nc2 Na6 14. Bxc5 Nxc5 15. Nc3 b5 16. b4 Na4 17. Nxa4 Rxa4 18. a3 Bf5 19. Rhe1 h5 20. h3 Bd7 21. e4 dxe4 22. dxe4 Be6 23. f5 Bc4 24. Kc3 Nd7 25. Rad1 Ne5 26. Rd4 Rea8 27. Red1 Rxa3+ 28. Nxa3 Rxa3+ 29. Kb2 Ra2+ 30. Kb1 Rxg2 31. Rd8+ Kh7 32. Re8 Nd3 33. e5 Re2 34. e6 fxe6 35. f6 gxf6 36. Rf1 f5 37. g4 hxg4 38. hxg4 fxg4 39. Rf7+ Kg6 40. Rxb7 Bb3 0-1

[Event "Oberliga NRW 1314"]
[Site "Germany"]
[Date "2013.09.15"]
[Round "1.5"]
[White "Kaeding, Rainer"]
[Black "Michalczak, Thomas"]
[Result "1/2-1/2"]
[WhiteElo "2086"]
[BlackElo "2304"]
[PlyCount "47"]
[EventDate "2013.09.15"]
[EventType "team-tourn"]
[EventRounds "9"]
[EventCountry "GER"]
[SourceTitle "EXT 2015"]
[Source "ChessBase"]
[SourceDate "2014.11.20"]
[SourceVersion "1"]
[SourceVersionDate "2014.11.20"]
[SourceQuality "1"]
[WhiteTeam "Castrop Rauxel"]
[BlackTeam "Solingen II"]
[WhiteTeamCountry "GER"]
[BlackTeamCountry "GER"]

1. e4 e5 2. Nf3 Nc6 3. Bb5 a6 4. Bxc6 dxc6 5. d4 exd4 6. Qxd4 Qxd4 7. Nxd4 Bd7 8. Nc3 0-0-0 9. Be3 Bb4 10. Nde2 Re8 11. 0-0-0 f5 12. exf5 Bxf5 13. a3 Be7 14. Rhe1 Nf6 15. h3 Nd5 16. Nxd5 cxd5 17. Rxd5 Be4 18. Re5 Bxg2 19. Rg1 Bxh3 20. Rxg7 Bh4 21. Rxe8+ Rxe8 22. Rxh7 Bxf2 23. Bxf2 Rxe2 24. Rxh3 1/2-1/2

[Event "NRW Class1 1213"]
[Site "Germany"]
[Date "2012.09.16"]
[Round "1.7"]
[White "Hobusch, Jan"]
[Black "Kaeding, Rainer"]
[Result "1/2-1/2"]
[WhiteElo "2042"]
[BlackElo "2101"]
[PlyCount "53"]
[EventDate "2012.09.16"]
[EventType "team-tourn"]
[EventRounds "9"]
[EventCountry "GER"]
[SourceTitle "EXT 2017"]
[Source "ChessBase"]
[SourceDate "2016.10.25"]
[SourceVersion "1"]
[SourceVersionDate "2016.10.25"]
[SourceQuality "1"]
[WhiteTeam "Bochum II"]
[BlackTeam "Castrop Rauxel"]
[WhiteTeamCountry "GER"]
[BlackTeamCountry "GER"]

1. d4 c5 2. c3 e6 3. Nf3 Nf6 4. Bf4 Nc6 5. e3 Qb6 6. Qb3 Qxb3 7. axb3 cxd4 8. exd4 Nh5 9. Bg3 Nxg3 10. hxg3 Rb8 11. Nbd2 d5 12. Bb5 a6 13. Bxc6+ bxc6 14. b4 f6 15. 0-0 Bd6 16. Nb3 0-0 17. Ne1 e5 18. Nd3 Rf7 19. Rfd1 e4 20. Ndc5 Rb6 21. Na5 Re7 22. Nab3 f5 23. Ra2 g5 24. Rda1 Ra7 25. Na5 Rc7 26. Nab3 Ra7 27. Na5 1/2-1/2

[Event "NRW Class1 1112"]
[Site "Germany"]
[Date "2011.09.18"]
[Round "1.8"]
[White "Kaeding, Rainer"]
[Black "Simon, Hans Christian"]
[Result "1/2-1/2"]
[WhiteElo "2102"]
[BlackElo "2151"]
[PlyCount "38"]
[EventDate "2011.09.18"]
[EventType "team-tourn"]
[EventRounds "9"]
[EventCountry "GER"]
[SourceTitle "EXT 2015"]
[Source "ChessBase"]
[SourceDate "2014.11.20"]
[SourceVersion "1"]
[SourceVersionDate "2014.11.20"]
[SourceQuality "1"]
[WhiteTeam "Castrop Rauxel"]
[BlackTeam "Bielefeld"]
[WhiteTeamCountry "GER"]
[BlackTeamCountry "GER"]

1. Nf3 f5 2. d3 d6 3. e4 e5 4. Nc3 Nc6 5. exf5 Bxf5 6. d4 exd4 7. Nxd4 Nxd4 8. Qxd4 c6 9. Bd3 Bxd3 10. Qxd3 Nf6 11. 0-0 Be7 12. Bg5 0-0 13. Rfe1 Qd7 14. Ne4 Nxe4 15. Bxe7 Qxe7 16. Qxe4 Qxe4 17. Rxe4 Rfe8 18. Rae1 Rxe4 19. Rxe4 Kf7 1/2-1/2

[Event "Bayern-chI Bank Hofmann 14th"]
[Site "Bad Wiessee"]
[Date "2010.10.31"]
[Round "3"]
[White "Siebrecht, Sebastian"]
[Black "Kaeding, Rainer"]
[Result "1-0"]
[WhiteElo "2421"]
[BlackElo "2190"]
[PlyCount "75"]
[EventDate "2010.10.30"]
[EventType "swiss"]
[EventRounds "9"]
[EventCountry "GER"]
[SourceTitle "EXT 2011"]
[Source "ChessBase"]
[SourceDate "2010.11.26"]
[SourceVersion "1"]
[SourceVersionDate "2010.11.26"]
[SourceQuality "1"]

1. c4 e6 2. Nc3 d5 3. d4 c6 4. e3 Nf6 5. Nf3 Nbd7 6. Bd3 Bd6 7. 0-0 0-0 8. e4 dxe4 9. Nxe4 Nxe4 10. Bxe4 Nf6 11. Bg5 h6 12. Bxf6 Qxf6 13. c5 Bc7 14. Re1 Rd8 15. Qe2 Bd7 16. b4 a6 17. a4 Be8 18. Rad1 Qf4 19. g3 Qg4 20. Kg2 f5 21. Bc2 Bh5 22. Qxe6+ Kh8 23. Nh4 Qg5 24. Bxf5 Rf8 25. Ng6+ Bxg6 26. Bxg6 Rf6 27. Qe8+ Rf8 28. Qe4 Rf6 29. Be8 Rd8 30. h4 Rxf2+ 31. Kxf2 Qxg3+ 32. Ke2 Qh2+ 33. Kd3 Qb2 34. Rb1 Qa3+ 35. Kd2 Qa2+ 36. Kc3 Qa3+ 37. Rb3 Qxa4 38. Rf1 1-0

[Event "Oberliga NRW 0910"]
[Site "Germany"]
[Date "2009.11.22"]
[Round "3.7"]
[White "Kaeding, Rainer"]
[Black "Rott, Georg"]
[Result "1-0"]
[WhiteElo "2179"]
[BlackElo "2186"]
[PlyCount "113"]
[EventDate "2009.09.20"]
[EventType "team-tourn"]
[EventRounds "9"]
[EventCountry "GER"]
[SourceTitle "EXT 2011"]
[Source "ChessBase"]
[SourceDate "2010.11.26"]
[SourceVersion "1"]
[SourceVersionDate "2010.11.26"]
[SourceQuality "1"]
[WhiteTeam "Castrop Rauxel"]
[BlackTeam "Muenster"]
[WhiteTeamCountry "GER"]
[BlackTeamCountry "GER"]

1. d4 d5 2. c4 c6 3. Nf3 Nf6 4. cxd5 cxd5 5. Nc3 Nc6 6. Bf4 Qb6 7. Qb3 Bf5 8. e3 e6 9. Qxb6 axb6 10. Bb5 Nd7 11. Nh4 Bg4 12. h3 Bh5 13. Be2 Bxe2 14. Kxe2 f6 15. Bh2 Kf7 16. Nf3 Be7 17. Rhd1 Rhc8 18. Ne1 Ra5 19. a4 Na7 20. Nd3 Rc4 21. Rac1 Bb4 22. Nxd5 exd5 23. Rxc4 dxc4 24. Nxb4 Rxa4 25. Nd5 Ra2 26. Rd2 Nb5 27. Rc2 c3 28. Nxc3 Nxc3+ 29. Rxc3 Rxb2+ 30. Kf3 Ke7 31. Rc7 h5 32. g4 hxg4+ 33. hxg4 b5 34. Rxb7 b4 35. Bg3 b3 36. Ke4 g6 37. Kd5 Ra2 38. Bd6+ Ke8 39. Rxb3 Rxf2 40. Ke6 Ra2 41. Ra3 Rxa3 42. Bxa3 f5 43. gxf5 gxf5 44. Kxf5 Nb6 45. Ke6 Nc4 46. Bc1 Na5 47. e4 Nc6 48. d5 Nd4+ 49. Kf6 Ne2 50. Bb2 Nf4 51. Ba3 Ne2 52. Bb4 Nf4 53. Bd2 Nd3 54. e5 Nc5 55. Kf5 Nd3 56. e6 Ke7 57. Bf4 1-0

[Event "Bayern-chI Bank Hofmann 12th"]
[Site "Bad Wiessee"]
[Date "2008.11.04"]
[Round "4"]
[White "Arnaudov, Petar G"]
[Black "Kaeding, Rainer"]
[Result "1/2-1/2"]
[WhiteElo "2344"]
[BlackElo "2184"]
[PlyCount "31"]
[EventDate "2008.11.01"]
[EventType "swiss"]
[EventRounds "9"]
[EventCountry "GER"]
[SourceTitle "EXT 2009"]
[Source "ChessBase"]
[SourceDate "2008.11.26"]
[SourceVersion "1"]
[SourceVersionDate "2008.11.26"]
[SourceQuality "1"]

1. d4 d5 2. c4 e6 3. Nf3 c6 4. Qc2 dxc4 5. Qxc4 b5 6. Qc2 Bb7 7. Bg5 Nf6 8. Nc3 a6 9. e4 h6 10. Bh4 g5 11. Bg3 g4 12. Nd2 Qxd4 13. 0-0-0 Qb6 14. Bh4 Be7 15. e5 Nd5 16. Bxe7 1/2-1/2